000 00910cam a22002891 4500
001 6494
003 BD-RjUL
005 20211208234243.0
008 140111r19601949mdua 001 0 eng
035 _a(BD-RjUL)6535
035 _a(OCoLC)499795
040 _aDLC
_cOTifH
_dNBrockU
_dOCoLC
_dONcM
_dDLC
_beng
041 _aeng
082 _a398.09748
_bKOP 1960
100 1 _aKorson, George Gershon,
_d1899-1967,
_920453
245 1 0 _aPennsylvania songs and legends /
_cGeorge Gershon Korson
260 _aBaltimore :
_bJohns Hopkins Press,
_cc1949 [Reprinted 1960].
300 _a474 p. :
_billus. ;
_c23 cm.
500 _aIncludes melodies with words.
504 _aIncludes index.
650 0 _aFolk songs, English
_zPennsylvania.
_920454
650 0 _aLegends
_zPennsylvania.
_920455
650 0 _aFolklore
_zPennsylvania.
_920456
942 _2ddc
_cBK
999 _c6494
_d6494